| 000 | 00353nam a2200145Ia 4500 | ||
|---|---|---|---|
| 008 | 150201s1985 xx 000 0 und d | ||
| 082 |
_a611 _bM1985J |
||
| 100 | _aSINGH | ||
| 245 | _aMULTIPLE CHOICE QUESTIONS IN ANATOMY | ||
| 250 | _a2ND | ||
| 260 |
_bJAYPEE MEDICAL PUBLISHER _aDELHI _c1985 |
||
| 300 | _a1-139 | ||
| 650 | _aANATOMY | ||
| 942 |
_2ddc _cBK |
||
| 999 |
_c2478 _d2478 |
||